• 首页
  • 本馆介绍
  • 公告通知
  • 最新文献
  • 馆藏检索
  • 电子资源
  • 读者导购
  • 参考咨询
  • 我的图书馆
  • 登录
  • 详细信息显示
  • 放入我的书架
  • 预约/预借图书
  • 作者相关作品
  • 分类相关作品
  • 丛书相关作品
  • 出版社相关作品

书目信息

  • 表格格式
  • 工作单格式
  • 卡片格式
题名:
海峡两岸刑法总论比较研究
    
 
作者: 赵秉志 主编
分册: 下卷  
出版信息: 北京   中国人民大学出版社  1999
页数: 838页
开本: 20cm
丛书名:
单 册:
中图分类: D924.04
科图分类:
主题词: 刑法--对比研究--中国,海峡两岸
电子资源:
ISBN: 7-300-02774-1
000 00613nam0 2200193 45
001 0310010223
005 20031219104119.4
010    @a7-300-02774-1@dCNY35.00
100    @a20031001d1999 km y0chiy0120 ea
101 0  @achi
105    @a z 000yy
200 1  @a海峡两岸刑法总论比较研究@h下卷@AHai Xia Liang An Xing Fa Zong Lun Bi Jiao Yan Jiu@f赵秉志主编@FZhao Bing Zhi Zhu Bian
210    @a北京@c中国人民大学出版社@d1999
215    @a838页@d20cm
606 0  @a刑法@x对比研究@y中国,海峡两岸
690    @aD924.04@v4
701  0 @a赵秉志@4主编
801    @aCN@bTSTC@c20031001
905    @b326747-751@dD924.04@e173:2@f5
    
    海峡两岸刑法总论比较研究.下卷/赵秉志主编.-北京:中国人民大学出版社,1999
    838页;20cm
    
    
    ISBN 7-300-02774-1:CNY35.00
    
●
相关链接 在E读中查询图书 在五车中查询图书 在当当中查询图书 在豆瓣中查询图书


正题名:海峡两岸刑法总论比较研究     索取号:D924.04/173:2         预约/预借

序号 登录号 条形码 馆藏地/架位号 状态 备注
1 0326747   203267473   密集书库/ [索取号:D924.04/173:2] 在馆    
2 0326748   203267482   第一借阅区/ [索取号:D924.04/173:2] 在馆    
3 0326749   203267491   第一借阅区/ [索取号:D924.04/173:2] 在馆    
4 0326750   203267507   密集书库/ [索取号:D924.04/173:2] 在馆    
5 0326751   203267516   第一样本阅览室/ [索取号:D924.04/173:2] 在馆    
唐山师范学院图书馆 欢迎您!
大连网信软件有限公司© 版权所有